[Event "Katowice POL-HUN 10th"]
[Site "Katowice"]
[Date "2023.09.09"]
[Round "1"]
[White "Kozak, Karol"]
[Black "Kozak, Antoni"]
[Result "0-1"]
[WhiteElo "1595"]
[BlackElo "2427"]
[PlyCount "92"]
[EventDate "2023.09.09"]
[EventType "swiss (rapid)"]
[EventRounds "9"]
[EventCountry "POL"]
[SourceTitle "EXT 2024"]
[Source "ChessBase"]
[SourceDate "2023.10.10"]
[SourceVersion "1"]
[SourceVersionDate "2023.10.10"]
[SourceQuality "1"]

1. e4 g6 2. d4 Bg7 3. Nc3 a6 4. f4 d5 5. exd5 Nf6 6. Nf3 0-0 7. Bd3 Nxd5 8. Nxd5 Qxd5 9. c4 Qe6+ 10. Qe2 Qxe2+ 11. Bxe2 Nc6 12. Be3 Bf5 13. a3 Rfd8 14. Rd1 Bc2 15. Rd2 Be4 16. 0-0 Bxf3 17. Bxf3 Bxd4 18. Bxd4 Nxd4 19. Bxb7 Ra7 20. Rfd1 c5 21. Bf3 a5 22. Kf2 a4 23. h3 Ra6 24. h4 Rb6 25. g3 Kg7 26. Bg2 Rdb8 27. Rb1 Rb3 28. Be4 f5 29. Bd3 Kf6 30. Kg2 h6 31. Kf2 g5 32. hxg5+ hxg5 33. fxg5+ Kxg5 34. Kg2 e5 35. Bf1 Kf6 36. g4 Rg8 37. Be2 e4 38. Bd1 Rb7 39. Bxa4 Rxg4+ 40. Kf1 Rbg7 41. Rbd1 Ke5 42. Rh2 e3 43. Rxd4 cxd4 44. Ke2 Rb7 45. b4 Ra7 46. Bc6 Rxa3 0-1

[Event "Krakow Winter op-B"]
[Site "Krakow"]
[Date "2022.01.18"]
[Round "7"]
[White "Grochola, Ireneusz"]
[Black "Kozak, Karol"]
[Result "0-1"]
[WhiteElo "1297"]
[BlackElo "1347"]
[PlyCount "92"]
[EventDate "2022.01.15"]
[EventType "swiss"]
[EventRounds "9"]
[EventCountry "POL"]
[SourceTitle "CBM 206 Extra"]
[Source "ChessBase"]
[SourceDate "2022.03.31"]
[SourceVersion "1"]
[SourceVersionDate "2022.03.31"]
[SourceQuality "1"]

1. e4 c5 2. d3 Nc6 3. Nf3 g6 4. g3 Bg7 5. c3 d6 6. Bg2 e5 7. Be3 Nge7 8. a4 h6 9. Na3 0-0 10. Qd2 Kh7 11. d4 cxd4 12. cxd4 exd4 13. Nxd4 Nxd4 14. Bxd4 Bxd4 15. Qxd4 Nc6 16. Qd2 Ne5 17. h3 f5 18. f4 Nc6 19. 0-0 fxe4 20. Bxe4 Bxh3 21. Rf2 Qd7 22. Qd3 Bf5 23. Bxf5 Qxf5 24. Qxd6 Rad8 25. Rd1 Rxd6 26. Rxd6 Re8 27. Rfd2 Re7 28. Nb5 Qh3 29. Kf2 Qh2+ 30. Kf3 Qh1+ 31. Kf2 Qe1+ 32. Kg2 Re2+ 33. Rxe2 Qxe2+ 34. Kh3 Qe7 35. Rd2 h5 36. Nc3 Kh6 37. Rd5 Qe1 38. Kg2 Qc1 39. Rb5 Qd2+ 40. Kh3 Qf2 41. Rxb7 Qg1 42. g4 Qxg4+ 43. Kh2 Qxf4+ 44. Kg1 Nd4 45. Rxa7 Nf3+ 46. Kg2 Nh4+ 0-1

[Event "Krakow Winter op-B"]
[Site "Krakow"]
[Date "2022.01.16"]
[Round "3"]
[White "Socha, Maja"]
[Black "Kozak, Karol"]
[Result "0-1"]
[WhiteElo "1145"]
[BlackElo "1347"]
[PlyCount "174"]
[EventDate "2022.01.15"]
[EventType "swiss"]
[EventRounds "9"]
[EventCountry "POL"]
[SourceTitle "CBM 206 Extra"]
[Source "ChessBase"]
[SourceDate "2022.03.31"]
[SourceVersion "1"]
[SourceVersionDate "2022.03.31"]
[SourceQuality "1"]

1. e4 c5 2. Nf3 d6 3. d4 cxd4 4. Nxd4 Nf6 5. Nc3 a6 6. Bd3 e5 7. Nf3 Be7 8. h3 0-0 9. 0-0 Qc7 10. Nh4 Be6 11. Nf5 Bxf5 12. exf5 d5 13. Bd2 e4 14. Be2 d4 15. Nb1 Rd8 16. Bg5 Nc6 17. Nd2 Qe5 18. Bg4 Nxg4 19. Qxg4 Bxg5 20. Qxg5 d3 21. c3 f6 22. Qg4 e3 23. Nc4 exf2+ 24. Rxf2 Qc5 25. Raf1 b5 26. Nd2 Ne5 27. Qe4 Ra7 28. Nb3 Qc4 29. Qe3 Re7 30. Rf4 Qc7 31. Nd4 Qa7 32. Kh1 Qb7 33. Qg3 Nc4 34. Ne6 Rd5 35. Rh4 d2 36. Qg4 d1Q 37. Rxd1 Ne3 38. Rxd5 Qxd5 39. Qe2 Nxf5 40. Rg4 Rxe6 41. Qf2 Qe5 42. Qa7 Qe1+ 43. Kh2 Qe5+ 44. Kh1 Ng3+ 45. Kh2 Nf1+ 46. Kg1 Qe3+ 47. Qxe3 Nxe3 48. Rd4 Nc4 49. b3 Ne5 50. Kf2 Rc6 51. Rd8+ Kf7 52. Ra8 Rxc3 53. Rxa6 Rc2+ 54. Kg3 Kg6 55. Ra5 h5 56. b4 Rb2 57. a3 Rb3+ 58. Kf4 Nc4 59. Rxb5 Nxa3 60. Rb7 Nc4 61. b5 Nd6 62. Rb6 Nxb5 63. Re6 Nd4 64. Re4 Rb4 65. Kg3 Nf5+ 66. Kf4 Rxe4+ 67. Kxe4 Kg5 68. Kf3 g6 69. g3 h4 70. g4 Nh6 71. Kg2 Nxg4 72. hxg4 Kxg4 73. Kh2 f5 74. Kg2 f4 75. Kg1 Kg3 76. Kf1 h3 77. Kg1 f3 78. Kf1 h2 79. Ke1 h1Q+ 80. Kd2 f2 81. Kd3 f1Q+ 82. Kd4 Qhg1+ 83. Kd5 Qf3+ 84. Kc4 Qe4+ 85. Kc3 Qge3+ 86. Kb2 Qb4+ 87. Kc2 Qed2# 0-1